[Event "London Classic Open 2014"]
[Site "London ENG"]
[Date "2014.12.13"]
[Round "7.72"]
[White "Kebbedies, Frank"]
[Black "Cannon, Raymond C"]
[Result "0-1"]
[WhiteElo "1803"]
[BlackElo "1956"]
[WhiteFideId "24606944"]
[BlackFideId "408018"]
[EventDate "2014.12.08"]

1. d4 Nf6 2. c4 c5 3. d5 e6 4. Nc3 exd5 5. cxd5 d6 6. Nf3 g6 7. g3 Bg7 8. Bg2
O-O 9. O-O a6 10. a4 Nbd7 11. Nd2 Re8 12. h3 Rb8 13. Nc4 Ne5 14. Na3 Nh5 15. Kh2
f5 16. f4 Nf7 17. Bf3 Nf6 18. Qc2 Qe7 19. Nc4 Bd7 20. Nb6 Qd8 21. Nxd7 Qxd7 22.
a5 Re7 23. Bd2 Rbe8 24. Rfe1 h6 25. Qa4 Qc8 26. e4 g5 27. exf5 Qxf5 28. Qd1 gxf4
29. gxf4 Rxe1 30. Bxe1 Qxf4+ 31. Bg3 Qb4 32. Qc1 Qd4 33. Ra4 Qe3 34. Qxe3 Rxe3
35. Bg2 Nh5 36. Bf2 Be5+ 37. Kg1 Rd3 38. Rg4+ Kf8 39. Be1 Nf4 40. Rg3 Rxc3 41.
Rxc3 Ne2+ 42. Kf2 Nxc3 43. bxc3 Ke7 44. Ke3 Bf6 45. Bf1 Ne5 46. Ke4 Kf7 47. Bg3
Kg6 48. Bxe5 Bxe5 49. Kd3 Kg5 50. Kc4 Kh4 51. Kd3 Kg3 52. Kc4 h5 53. Be2 Kh4 54.
Bf1 Bf6 55. Kd3 Bd8 56. Kc4 Bxa5 57. Kb3 Bd8 58. Kc4 Bf6 59. Kb3 b6 60. Kc4 b5+
61. Kb3 Kg3 62. Be2 Kh4 63. Bf1 a5 64. Be2 c4+ 65. Kc2 Be5 66. Bf1 Kg3 67. Be2
h4 68. Bg4 b4 69. cxb4 axb4 70. Be6 Kf3 71. Bf5 Ke3 72. Bg4 b3+ 73. Kc1 Kd4 74.
Be6 c3 75. Kb1 c2+ 76. Kc1 Kc3 0-1

[Event "London Classic Open 2014"]
[Site "London ENG"]
[Date "2014.12.13"]
[Round "7.73"]
[White "White, David J"]
[Black "Dror, Levi"]
[Result "1-0"]
[WhiteElo "1891"]
[BlackElo "1824"]
[WhiteFideId "402931"]
[BlackFideId "2809583"]
[EventDate "2014.12.08"]

1. e4 c5 2. c3 Nf6 3. e5 Nd5 4. d4 e6 5. Nf3 cxd4 6. Bc4 Nb6 7. Bb3 dxc3 8. Nxc3
Nc6 9. O-O d5 10. exd6 Bxd6 11. Nb5 Bb8 12. Qe2 O-O 13. Bg5 Qe8 14. Rfd1 Bd7 15.
Rac1 a6 16. Nd6 Bxd6 17. Rxd6 Nc8 18. Rd2 N8e7 19. Rcd1 Rd8 20. Ne5 Nxe5 21.
Qxe5 f6 22. Bxe6+ Kh8 23. Qc7 fxg5 24. Rxd7 Rxd7 25. Qxd7 Nc6 26. Bb3 Qe2 27.
Rf1 Na5 28. Qd6 Qe8 29. Bc2 Qd8 30. Qc5 Nc6 31. Rd1 Qf6 32. h3 Re8 33. Ba4 Rc8
34. Rd7 Qxb2 35. Bxc6 bxc6 36. Qxg5 Rg8 37. a4 Qa1+ 38. Kh2 Qxa4 39. h4 h6 40.
Qh5 Qf4+ 41. Kg1 Rb8 42. g3 Qe4 43. Kh2 Rf8 44. Rf7 Rg8 45. g4 Qh7 46. g5 hxg5
47. Qxg5 Qh6 48. Qg3 Rd8 49. Kg2 c5 50. Rc7 Kh7 51. Rxc5 Qf6 52. Rh5+ Kg8 53.
Qb3+ Kf8 54. Rh8+ Ke7 55. Qe3+ Kf7 56. Qa7+ Kg6 57. h5+ Kg5 58. Qc5+ Qf5 59.
Qxf5+ Kxf5 60. Rxd8 1-0

[Event "London Classic Open 2014"]
[Site "London ENG"]
[Date "2014.12.13"]
[Round "7.74"]
[White "Wettasinha, Vasanta"]
[Black "Dydak, Mateusz"]
[Result "1-0"]
[WhiteElo "1761"]
[BlackElo "1870"]
[WhiteFideId "9904433"]
[BlackFideId "2612305"]
[EventDate "2014.12.08"]

1. e4 e6 2. d3 d5 3. Nd2 e5 4. exd5 Qxd5 5. Ngf3 Nc6 6. Be2 Bd7 7. O-O O-O-O 8.
Ne4 f5 9. Nc3 Qf7 10. d4 e4 11. Ng5 Qe8 12. Bc4 Nh6 13. a3 Kb8 14. Bf4 Bc8 15.
Nb5 Bd6 16. Nxd6 cxd6 17. Bb5 Qg6 18. Qd2 Ka8 19. d5 Ne5 20. Kh1 Nhg4 21. f3
exf3 22. gxf3 Nf6 23. Ne6 Bxe6 24. dxe6 Ne8 25. Bxe5 Nc7 26. e7 Nxb5 27. exd8=Q+
Rxd8 28. Bf4 1-0

[Event "London Classic Open 2014"]
[Site "London ENG"]
[Date "2014.12.13"]
[Round "7.75"]
[White "Slade, Theodore"]
[Black "Bin-Suhayl, Ieysaa"]
[Result "1-0"]
[WhiteElo "1869"]
[BlackElo "1777"]
[WhiteFideId "426547"]
[BlackFideId "429031"]
[EventDate "2014.12.08"]

1. e4 e6 2. d4 c5 3. d5 exd5 4. exd5 d6 5. Nf3 Bg4 6. Be2 Nf6 7. Nc3 Be7 8. Nd2
Bxe2 9. Qxe2 O-O 10. O-O Re8 11. Nc4 Na6 12. Qf3 Nc7 13. a4 Qd7 14. Bf4 Qf5 15.
Ne3 Qh5 16. Qd1 Qxd1 17. Raxd1 Nh5 18. Bg3 Nxg3 19. hxg3 Bf6 20. Nc4 Bxc3 21.
bxc3 b6 22. Nxd6 Red8 23. Nf5 g6 24. Ne3 b5 25. d6 Ne8 26. d7 Nf6 27. Nd5 Nxd5
28. Rxd5 bxa4 29. Rfd1 a5 30. Rxc5 a3 31. Rcd5 Ra7 32. c4 a2 33. Ra1 Raxd7 34.
Rxd7 Rxd7 35. Rxa2 Rc7 36. Ra4 Kg7 37. Kf1 Kf6 38. Ke2 Ke6 39. Rxa5 Rxc4 40. Kd3
Rc6 41. c4 Rd6+ 42. Kc2 f5 43. Ra3 g5 44. Re3+ Kf6 45. Rd3 Re6 46. Rd2 h5 47.
Kc3 g4 48. Kb4 Kg5 49. c5 f4 50. Rd5+ Kg6 51. Rd6 Kf7 52. Rxe6 Kxe6 53. Kc4 Kd7
54. Kd5 Kc7 55. Ke4 fxg3 56. fxg3 Kc6 57. Kf5 Kxc5 58. Kg5 Kd5 59. Kxh5 Ke5 60.
Kxg4 Kf6 61. Kh5 Kg7 62. Kg5 Kg8 63. Kg6 Kf8 64. g4 Kg8 65. g5 Kh8 66. Kf7 Kh7
67. g6+ Kh6 68. g7 Kh5 69. g8=R Kh6 70. g4 Kh7 71. Rg6 Kh8 72. Rh6# 1-0

[Event "London Classic Open 2014"]
[Site "London ENG"]
[Date "2014.12.13"]
[Round "7.76"]
[White "Wandowicz, Kajetan"]
[Black "Peck, Silas"]
[Result "0-1"]
[WhiteElo "1741"]
[BlackElo "1862"]
[WhiteFideId "1169777"]
[BlackFideId "432865"]
[EventDate "2014.12.08"]

1. d4 d5 2. c4 e6 3. g3 Nf6 4. Bg2 Be7 5. Nf3 O-O 6. O-O Nbd7 7. Qc2 c6 8. Nc3
b6 9. Rd1 Bb7 10. Bg5 h6 11. Bxf6 Nxf6 12. e4 dxc4 13. a4 a6 14. b3 cxb3 15.
Qxb3 b5 16. axb5 axb5 17. Qc2 Qb6 18. Rab1 Ra3 19. Ne5 Qa5 20. Rdc1 Bb4 21. Nd1
Bd2 22. Nxc6 Bxc6 23. Qxc6 Bxc1 24. Qxc1 Qe1+ 25. Bf1 Ra2 26. Qe3 Qxe3 27. Nxe3
Nxe4 28. Rxb5 Nxf2 29. d5 exd5 30. Nxd5 Re8 31. Nb4 Rb2 32. Rf5 Ng4 33. Nd3 Rb1
34. Rf4 Ne3 35. Rf3 g5 36. Nc5 g4 37. Rf4 Rc8 38. Ne4 Rcc1 39. Nd2 Ra1 40. Rf2
Rd1 41. h3 gxh3 42. Rf3 Rxd2 43. Rxe3 h2+ 0-1

[Event "London Classic Open 2014"]
[Site "London ENG"]
[Date "2014.12.13"]
[Round "7.77"]
[White "Haridas, Girinath"]
[Black "Grey, Nicholas D"]
[Result "1/2-1/2"]
[WhiteElo "1856"]
[BlackElo "1766"]
[WhiteFideId "427144"]
[BlackFideId "415448"]
[EventDate "2014.12.08"]

1. d4 Nf6 2. c4 c5 3. d5 b5 4. cxb5 a6 5. bxa6 Bxa6 6. Nc3 d6 7. Nf3 g6 8. g3
Bg7 9. Bg2 Nbd7 10. Rb1 O-O 11. O-O Ng4 12. Qc2 Nde5 13. Re1 Qc7 14. h3 Nxf3+
15. exf3 Ne5 16. Rd1 Rfb8 17. f4 Nc4 18. b3 Qa5 19. Na4 Bb5 20. Bf1 Bxa4 21.
Bxc4 Bb5 22. a4 Bxc4 23. Qxc4 Qc3 24. Qxc3 Bxc3 25. Ba3 Bb4 26. Bb2 Rb7 27. Rdc1
Rab8 28. Rc2 Ba5 29. Bc3 Bxc3 30. Rxc3 Rb4 31. Ra1 Rxb3 32. Rxb3 Rxb3 33. a5 Rb8
34. Kf1 e6 35. dxe6 fxe6 36. Re1 Kf7 37. Ke2 Rb2+ 38. Kd3 Ra2 39. Rb1 Rxa5 40.
Rb7+ Kf6 41. Rxh7 Ra3+ 42. Ke2 d5 43. f3 e5 44. fxe5+ Kxe5 45. f4+ Kd4 46. Rg7
Rxg3 47. f5 Ke5 48. fxg6 Ke6 49. h4 Kf6 50. Rd7 1/2-1/2

[Event "London Classic Open 2014"]
[Site "London ENG"]
[Date "2014.12.13"]
[Round "7.78"]
[White "Kalerwa, Edwin M"]
[Black "Cavendish, Joshua Z"]
[Result "0-1"]
[WhiteElo "1840"]
[BlackElo "1747"]
[WhiteFideId "422223"]
[BlackFideId "418005"]
[EventDate "2014.12.08"]

1. c4 f5 2. d4 Nf6 3. Nc3 e6 4. g3 Be7 5. Bg2 O-O 6. Nf3 d6 7. O-O Qe8 8. Bf4
Nh5 9. Bd2 Nd7 10. b4 e5 11. c5 c6 12. d5 dxc5 13. dxc6 bxc6 14. b5 Bb7 15. Ng5
Bxg5 16. Bxg5 Ndf6 17. Qd6 e4 18. Qxc5 cxb5 19. Qxb5 Bc6 20. Qb3+ Kh8 21. f3 Rb8
22. Qa3 h6 23. Bc1 Qe5 24. f4 Qc7 25. Rb1 Ng4 26. Nd1 Rfd8 27. Rxb8 Rxb8 28. Qc5
Rb5 29. Qc3 Nhf6 30. a4 Nd5 31. Qa3 Rb8 32. h3 Qb6+ 33. Kh1 Ngf6 34. Be3 Qa6 35.
Qd6 Rb1 36. Bd4 Qxa4 0-1

[Event "London Classic Open 2014"]
[Site "London ENG"]
[Date "2014.12.13"]
[Round "7.79"]
[White "Kouchak, Jason"]
[Black "Barasi, Paul Dl"]
[Result "0-1"]
[WhiteElo "1720"]
[BlackElo "1836"]
[WhiteFideId "26011379"]
[BlackFideId "432830"]
[EventDate "2014.12.08"]

1. d4 d5 2. Nf3 Nc6 3. c3 Bf5 4. Bf4 e6 5. e3 Bd6 6. Bg5 f6 7. Bh4 Nh6 8. Bg3
Bxg3 9. hxg3 e5 10. dxe5 fxe5 11. Nbd2 Qf6 12. Qa4 Ng4 13. e4 Bd7 14. Bb5 d4 15.
cxd4 exd4 16. Bxc6 Bxc6 17. Qxd4 Rd8 18. Qxf6 Nxf6 19. O-O O-O 20. Rfe1 Rfe8 21.
Rac1 Rd7 22. Rc4 Rde7 23. e5 Nd7 24. e6 Rxe6 25. Rxe6 Rxe6 26. Nd4 Re1+ 27. Kh2
Ne5 28. N2f3 Bxf3 29. Nxf3 Nxc4 30. Nxe1 Nxb2 31. g4 Nc4 32. Kg3 Kf7 33. f4 h6
34. Nd3 b6 35. Kf3 Ke6 36. Ke4 Nd6+ 37. Ke3 c5 38. a4 Nc4+ 39. Ke4 Nd6+ 40. Ke3
Kd5 41. f5 Nc4+ 42. Kf4 Kd4 43. Nf2 Ne3 44. Kf3 c4 45. g5 hxg5 46. Ne4 g4+ 47.
Kf4 a6 48. Ng5 Nd5+ 49. Kxg4 c3 50. Ne6+ Ke5 0-1

[Event "London Classic Open 2014"]
[Site "London ENG"]
[Date "2014.12.13"]
[Round "7.80"]
[White "Nordstrom, Hakon N"]
[Black "Fixmer, Eric"]
[Result "1-0"]
[WhiteElo "1836"]
[BlackElo "1686"]
[WhiteFideId "1513710"]
[BlackFideId "4004469"]
[EventDate "2014.12.08"]

1. e4 c5 2. Nf3 d6 3. d4 cxd4 4. Nxd4 Nf6 5. Nc3 g6 6. Be3 Bg7 7. f3 a6 8. Qd2
Nbd7 9. O-O-O b5 10. g4 Bb7 11. h4 h5 12. gxh5 Rxh5 13. Bg5 Rc8 14. Nce2 Ne5 15.
Nf4 Nxf3 16. Nxf3 Bxe4 17. Nxh5 Nxh5 18. Re1 Rxc2+ 19. Qxc2 Bxc2 20. Bxe7 Qc8
21. Kd2 Kd7 22. Bg5 Ng3 23. Bh3+ f5 24. Re7+ Kc6 25. Rc1 Kd5 26. Rxc2 Qf8 27.
Bg2 Ne4+ 28. Kd3 Bf6 29. Rec7 Nc5+ 30. Kd2 Ne4+ 31. Ke3 Bxg5+ 32. Nxg5 Qh6 33.
Rd2+ Ke5 34. Re7+ Kf6 35. Rf7+ Ke5 36. Bxe4 fxe4 37. Re7+ 1-0

[Event "London Classic Open 2014"]
[Site "London ENG"]
[Date "2014.12.13"]
[Round "7.81"]
[White "Sajjadi, Kimiya"]
[Black "Viudes Serra, Aaron"]
[Result "0-1"]
[WhiteElo "1611"]
[BlackElo "1818"]
[WhiteFideId "1516434"]
[BlackFideId "2247658"]
[EventDate "2014.12.08"]

1. d4 Nf6 2. c4 e5 3. dxe5 Ng4 4. Nf3 Bc5 5. e3 Nc6 6. Be2 Ngxe5 7. Nxe5 Nxe5 8.
Nc3 O-O 9. O-O Re8 10. b3 Bf8 11. f4 Nc6 12. Rf3 d6 13. Rg3 Ne7 14. Bd3 Nf5 15.
Rf3 Bd7 16. Qc2 g6 17. Bxf5 Bxf5 18. e4 Bd7 19. Nd5 c6 20. Ne3 Bg7 21. Rb1 Qe7
22. Ba3 Qxe4 23. Rd1 Qxc2 24. Nxc2 Bg4 25. Rfd3 Bxd1 26. Rxd1 Re2 27. Nd4 Rxa2
28. Bxd6 Ra1 0-1

[Event "London Classic Open 2014"]
[Site "London ENG"]
[Date "2014.12.13"]
[Round "7.82"]
[White "Lie, Terje"]
[Black "Chilton, James I"]
[Result "0-1"]
[WhiteElo "1593"]
[BlackElo "1763"]
[WhiteFideId "1504916"]
[BlackFideId "423009"]
[EventDate "2014.12.08"]

1. d4 Nf6 2. c4 e6 3. Nf3 d5 4. Nc3 c5 5. e3 Nc6 6. cxd5 exd5 7. Bb5 a6 8. Bxc6+
bxc6 9. O-O cxd4 10. Qxd4 Bd6 11. Na4 O-O 12. b3 Re8 13. Bb2 Bg4 14. Nd2 Rb8 15.
Rac1 Qc7 16. h3 Be2 17. Rfe1 Bb5 18. Qh4 Be5 19. Bxe5 Rxe5 20. Nc5 Nd7 21. Nf3
Ree8 22. Nd4 Rb6 23. Qg5 Nxc5 24. Rxc5 Re5 25. Qf4 Qe7 26. Rec1 Re4 27. Qf5 Qe8
28. a4 Bd3 29. Rxc6 Rxe3 30. Qc8 Rxc6 31. Rxc6 Re1+ 32. Kh2 Kf8 33. b4 Qxc8 34.
Rxc8+ Re8 35. Rc5 Bc4 36. b5 axb5 37. axb5 Rb8 38. Kg3 Rb7 39. h4 g6 40. Kf4 Ke7
41. g4 h6 42. g5 h5 43. Ke5 Ke8 44. Kd6 Kd8 45. Nc6+ Ke8 46. Na5 Rb6+ 47. Rc6
Rxc6+ 48. Kxc6 Kd8 49. b6 Kc8 50. Kc5 Ba6 51. Kxd5 Kd7 52. Nb3 Bb7+ 53. Kc5 Ke6
54. Nd4+ Kd7 55. Nb5 Ke6 56. Nc7+ Ke5 57. Ne8 Kf4 58. Nd6 Ba8 59. Nxf7 Kg4 60.
Ne5+ Kxh4 61. Nxg6+ Kxg5 62. Ne5 h4 63. f4+ Kf5 64. Nd3 h3 65. Kd4 h2 66. Nf2
Kxf4 67. Kd3 Kf3 68. Nh1 Kg2 69. Ke2 Bf3+ 70. Ke1 Bb7 71. Nf2 Bf3 72. Nh1 Bc6
73. Nf2 Bf3 74. Nh1 Kxh1 75. Kf2 Bg2 76. b7 Bxb7 77. Kf1 Bf3 78. Kf2 Bg2 0-1

[Event "London Classic Open 2014"]
[Site "London ENG"]
[Date "2014.12.13"]
[Round "7.90"]
[White "Ali, Niall"]
[Black "Van Zyl-Rudd, Jack"]
[Result "1/2-1/2"]
[WhiteElo "1553"]
[BlackElo "1564"]
[WhiteFideId "430528"]
[BlackFideId "14310929"]
[EventDate "2014.12.08"]

1. Nf3 Nf6 2. g3 d5 3. Bg2 e6 4. O-O Bd6 5. d4 O-O 6. c4 c6 7. Nc3 h6 8. Qc2
Nbd7 9. b3 Re8 10. Bb2 Nf8 11. e4 dxe4 12. Nxe4 Nxe4 13. Qxe4 Bd7 14. Qc2 Rc8
15. Qd2 Ng6 16. Rad1 Qc7 17. Ne5 Ne7 18. Rc1 Nf5 19. Rfd1 Rcd8 20. Rc2 Bc8 21.
Qc1 Bxe5 22. dxe5 Rxd1+ 23. Qxd1 Rd8 24. Rd2 Rxd2 25. Qxd2 Qd7 26. Qxd7 Bxd7 27.
Kf1 Kf8 28. Ke2 b6 29. Kd3 c5 30. f4 Ne7 31. Be4 Bc6 32. g4 Bxe4+ 33. Kxe4 g6
34. a3 Ke8 35. b4 Kd7 36. bxc5 bxc5 37. Bc3 Kc6 38. Be1 Kd7 39. Bf2 Kc6 40. Bh4
Kd7 41. Bf6 Ke8 42. Bg7 h5 43. gxh5 gxh5 44. Bf6 Nf5 45. Kd3 Nd4 46. Bh4 Nf3 47.
Bg3 Kd7 48. h4 Kc6 49. Bf2 a6 50. Ke4 Nd2+ 51. Kd3 Nf3 52. Be3 Ne1+ 53. Ke4 Nc2
54. Bc1 Nd4 55. Be3 1/2-1/2

[Event "London Classic Open 2014"]
[Site "London ENG"]
[Date "2014.12.14"]
[Round "8.1"]
[White "Tkachiev, Vladislav"]
[Black "Dragun, Kamil"]
[Result "1/2-1/2"]
[WhiteTitle "GM"]
[BlackTitle "GM"]
[WhiteElo "2629"]
[BlackElo "2547"]
[WhiteFideId "618438"]
[BlackFideId "1134167"]
[EventDate "2014.12.08"]

1. Nf3 Nf6 2. c4 g6 3. Nc3 Bg7 4. d4 O-O 5. g3 d6 6. Bg2 Nc6 7. O-O Bg4 8. h3
Bxf3 9. Bxf3 Nd7 10. e3 e5 11. d5 Ne7 12. e4 f5 13. Bg2 a5 14. Rb1 Nc5 15. b3
fxe4 16. Bg5 Bf6 17. Bh6 Bg7 18. Bg5 Bf6 19. Bh6 Bg7 20. Bg5 1/2-1/2

[Event "London Classic Open 2014"]
[Site "London ENG"]
[Date "2014.12.14"]
[Round "8.2"]
[White "Bai, Jinshi"]
[Black "Socko, Bartosz"]
[Result "1-0"]
[WhiteTitle "IM"]
[BlackTitle "GM"]
[WhiteElo "2444"]
[BlackElo "2617"]
[WhiteFideId "8602280"]
[BlackFideId "1107038"]
[EventDate "2014.12.08"]

1. d4 Nf6 2. c4 e6 3. g3 d5 4. Bg2 dxc4 5. Nf3 Nc6 6. Nc3 Rb8 7. O-O b5 8. Ne5
Nxe5 9. dxe5 Nd7 10. Qc2 Nxe5 11. Be3 Bb7 12. Bxb7 Rxb7 13. Qe4 b4 14. Qxb7 bxc3
15. Qb5+ Nd7 16. bxc3 Bd6 17. Bxa7 h5 18. h4 f6 19. Qxc4 Kf7 20. f4 Ke7 21. Be3
Qa8 22. a4 Qa5 23. Bd4 Qf5 24. Qd3 Qg4 25. Qf3 Qg6 26. a5 e5 27. f5 Qf7 28. Bf2
Qc4 29. Qd3 Qg4 30. a6 e4 31. Qe3 Bc5 32. Qf4 e3 33. Bxe3 Qxf4 34. Bxc5+ 1-0

[Event "London Classic Open 2014"]
[Site "London ENG"]
[Date "2014.12.14"]
[Round "8.3"]
[White "Lenderman, Aleksandr"]
[Black "Sadzikowski, Daniel"]
[Result "1/2-1/2"]
[WhiteTitle "GM"]
[BlackTitle "IM"]
[WhiteElo "2608"]
[BlackElo "2492"]
[WhiteFideId "2021285"]
[BlackFideId "1132253"]
[EventDate "2014.12.08"]

1. d4 Nf6 2. c4 g6 3. Nc3 Bg7 4. e4 d6 5. Nf3 O-O 6. Be2 e5 7. O-O Nc6 8. Be3
Ng4 9. Bg5 f6 10. Bc1 Kh8 11. d5 Ne7 12. Ne1 Nh6 13. Be3 f5 14. f3 c5 15. Nd3 f4
16. Bf2 g5 17. b4 b6 18. a4 a5 19. bxc5 dxc5 20. Rb1 Ba6 21. Qb3 Nc8 22. Rfd1
Nf7 23. Bxc5 bxc5 24. Nxc5 Qe7 25. Ne6 Nd8 26. Nxf8 Qc5+ 27. Kh1 Bxf8 28. Nb5
Nf7 29. Qc3 Bb7 30. h3 Ra6 31. d6 Bxd6 32. Nxd6 Ncxd6 33. Rb5 Nxb5 34. axb5 Rd6
35. Rxd6 Nxd6 36. Qxa5 Nf7 37. Qd2 Kg7 38. Qd7 Qf2 39. Bd3 Qd4 1/2-1/2

[Event "London Classic Open 2014"]
[Site "London ENG"]
[Date "2014.12.14"]
[Round "8.4"]
[White "Gormally, Daniel W"]
[Black "Fier, Alexandr"]
[Result "1/2-1/2"]
[WhiteTitle "GM"]
[BlackTitle "GM"]
[WhiteElo "2499"]
[BlackElo "2592"]
[WhiteFideId "406465"]
[BlackFideId "2107139"]
[EventDate "2014.12.08"]

1. d4 Nf6 2. Nc3 d5 3. Bg5 Nbd7 4. Nf3 h6 5. Bh4 e6 6. e4 g5 7. Bg3 Nxe4 8. Nxe4
dxe4 9. Nd2 f5 10. h4 f4 11. Bh2 Nf6 12. c3 c5 13. Qc2 Qd5 14. dxc5 Bxc5 15. f3
Be3 16. Nc4 Bc5 17. Nd2 Qc6 18. O-O-O Be3 19. Kb1 Bxd2 20. Qxd2 Kf7 21. Qd4 b6
22. Bg1 Bb7 23. hxg5 hxg5 24. Rxh8 Rxh8 25. Qe5 exf3 26. Bd3 fxg2 27. Qxg5 Rg8
28. Qxf4 Rg4 29. Qe5 Qf3 30. Qc7+ Kf8 31. Qd6+ Kg7 32. Qe7+ Kh6 33. Be2 Be4+ 34.
Ka1 Qxe2 35. Qxf6+ Kh5 36. Qh8+ Kg5 37. Qe5+ Kh4 38. Qh2+ Kg5 39. Qe5+ Kh4 40.
Qh2+ 1/2-1/2

[Event "London Classic Open 2014"]
[Site "London ENG"]
[Date "2014.12.14"]
[Round "8.5"]
[White "Greenfeld, Alon"]
[Black "Dourerassou, Jonathan"]
[Result "1-0"]
[WhiteTitle "GM"]
[BlackTitle "IM"]
[WhiteElo "2536"]
[BlackElo "2469"]
[WhiteFideId "2800039"]
[BlackFideId "628050"]
[EventDate "2014.12.08"]

1. d4 Nf6 2. Nf3 g6 3. c4 Bg7 4. g3 O-O 5. Bg2 d5 6. cxd5 Nxd5 7. O-O Nb6 8. Nc3
Nc6 9. d5 Nb4 10. e4 c6 11. Qb3 c5 12. Be3 Nd3 13. Nd2 Bg4 14. h3 Bd7 15. Nd1 c4
16. Nxc4 Nxc4 17. Qxc4 Nxb2 18. Nxb2 Bxb2 19. Rab1 b5 20. Qe2 Bg7 21. Bc5 f6 22.
Qe3 a6 23. Rbc1 Rf7 24. Bb6 Qe8 25. Rc7 e5 26. Rfc1 Bf8 27. Bc5 Rc8 28. Rxc8
Bxc8 29. Bxf8 Qxf8 30. Qb6 Bb7 31. h4 Qe7 32. Bh3 f5 33. h5 Kg7 34. h6+ Kxh6 35.
Bxf5 Qa3 36. Rc7 Bxd5 37. exd5 Rxf5 38. Qa7 Kg5 39. Rxh7 Kg4 40. Rf7 Qxa2 41.
Rxf5 gxf5 42. d6 Qd5 43. Qg7+ Kf3 44. Qf6 Qd1+ 45. Kh2 Qc2 46. Kh3 Qe4 47. Qh6
f4 48. gxf4 exf4 49. Kh4 Kxf2 50. Kg5 Qd5+ 51. Kg4 f3 52. Qh4+ Ke3 53. Qe7+ Kf2
54. d7 Qc4+ 55. Kh3 Qf1+ 56. Kg4 Qg2+ 57. Kh5 Kg1 58. Qe1+ Qf1 59. Qxf1+ Kxf1
60. d8=Q f2 61. Kg4 Kg1 62. Qd4 Kg2 63. Qe4+ 1-0

[Event "London Classic Open 2014"]
[Site "London ENG"]
[Date "2014.12.14"]
[Round "8.6"]
[White "Vakhidov, Jahongir"]
[Black "Kerigan, Demre"]
[Result "1-0"]
[WhiteTitle "GM"]
[BlackTitle "FM"]
[WhiteElo "2502"]
[BlackElo "2277"]
[WhiteFideId "14201801"]
[BlackFideId "6307841"]
[EventDate "2014.12.08"]

1. Nf3 g6 2. d4 Bg7 3. g3 d6 4. Bg2 Nf6 5. c4 O-O 6. Nc3 Nbd7 7. O-O e5 8. e4
exd4 9. Nxd4 Re8 10. h3 a6 11. Be3 Rb8 12. b3 c5 13. Nde2 Qe7 14. a4 b6 15. Ra2
Bb7 16. Bf4 Ne5 17. Qd2 Bc6 18. Rd1 Qb7 19. f3 Rbd8 20. Bg5 b5 21. axb5 axb5 22.
f4 b4 23. Nd5 Ned7 24. e5 dxe5 25. fxe5 Bxd5 26. Bxd5 Nxd5 27. Bxd8 Nc3 28. Nxc3
Bxe5 29. Qd5 Qxd5 30. Nxd5 Rxd8 31. Ra7 1-0

[Event "London Classic Open 2014"]
[Site "London ENG"]
[Date "2014.12.14"]
[Round "8.7"]
[White "Zumsande, Martin"]
[Black "Naroditsky, Daniel"]
[Result "1/2-1/2"]
[WhiteTitle "IM"]
[BlackTitle "GM"]
[WhiteElo "2428"]
[BlackElo "2620"]
[WhiteFideId "4651324"]
[BlackFideId "2026961"]
[EventDate "2014.12.08"]

1. e4 c5 2. c3 e6 3. d4 d5 4. exd5 exd5 5. Nf3 a6 6. Bd3 c4 7. Bc2 Bd6 8. O-O
Ne7 9. Ne5 O-O 10. Qh5 g6 11. Qf3 f6 12. Ng4 f5 13. Ne5 Nbc6 14. Bf4 Bxe5 15.
dxe5 d4 16. Nd2 d3 17. Bd1 b5 18. Re1 Be6 19. Qg3 Nd5 20. Bg5 Qc7 21. f4 Qg7 22.
Bf3 h6 23. Bf6 Qf7 1/2-1/2

[Event "London Classic Open 2014"]
[Site "London ENG"]
[Date "2014.12.14"]
[Round "8.8"]
[White "Bluebaum, Matthias"]
[Black "Wells, Peter K"]
[Result "1/2-1/2"]
[WhiteTitle "IM"]
[BlackTitle "GM"]
[WhiteElo "2560"]
[BlackElo "2468"]
[WhiteFideId "24651516"]
[BlackFideId "400327"]
[EventDate "2014.12.08"]

1. Nf3 d5 2. c4 e6 3. d4 Nf6 4. g3 Bb4+ 5. Nbd2 dxc4 6. Bg2 a5 7. a3 Bxd2+ 8.
Qxd2 Bd7 9. Ne5 Bc6 10. Nxc6 Nxc6 11. Qc3 Nxd4 12. Qxc4 O-O 13. Bf4 Nc6 14. Rd1
Nd5 15. Bxd5 exd5 16. Qxd5 Qe7 17. Qc4 Rfe8 18. Rd2 Rad8 19. Rxd8 Rxd8 20. Be3
Qe5 21. Qc2 Nd4 1/2-1/2

[Event "London Classic Open 2014"]
[Site "London ENG"]
[Date "2014.12.14"]
[Round "8.9"]
[White "Guramishvili, Sopiko"]
[Black "Hawkins, Jonathan"]
[Result "0-1"]
[WhiteTitle "IM"]
[BlackTitle "IM"]
[WhiteElo "2388"]
[BlackElo "2552"]
[WhiteFideId "13602888"]
[BlackFideId "412686"]
[EventDate "2014.12.08"]

1. Nf3 Nf6 2. g3 g6 3. b3 Bg7 4. Bb2 O-O 5. Bg2 d6 6. d4 c5 7. O-O cxd4 8. Nxd4
d5 9. c4 dxc4 10. bxc4 Ng4 11. c5 Na6 12. h3 Ne5 13. Qc1 Nd3 14. exd3 Bxd4 15.
c6 bxc6 16. Bxd4 Qxd4 17. Qxc6 Rb8 18. Qc3 Rd8 19. Qxd4 Rxd4 20. Nc3 Be6 21.
Rfd1 Rb2 22. Bf1 Nc5 23. Rab1 Rc2 24. Rbc1 Rxc1 25. Rxc1 Nxd3 26. Rb1 Nc5 27.
Nb5 Rd2 28. Nxa7 Ne4 29. a4 Nxf2 30. g4 Ne4 31. Nc6 Ng5 32. Bg2 Rxg2+ 33. Kxg2
Bd5+ 34. Kg3 Bxc6 35. a5 Ne4+ 36. Kh2 f5 37. Rc1 Bb5 38. Rb1 Nd6 39. Kg3 Kf7 40.
Kf4 Kf6 41. g5+ Ke6 42. h4 Kd5 43. Re1 Ne4 44. Rd1+ Kc5 45. Rd8 Nd6 46. Rh8 e5+
47. Kf3 f4 48. Rxh7 Bc6+ 49. Kf2 e4 50. Re7 e3+ 51. Ke1 Nf5 52. Re5+ Kd4 53. h5
Kxe5 54. h6 f3 55. h7 f2+ 56. Ke2 Bb5+ 0-1